| 000 | 00684nam a2200205 i 4500 | ||
|---|---|---|---|
| 001 | 124533 | ||
| 003 | ES-MaACL | ||
| 007 | t| | ||
| 008 | 070329s1936 sp ||||1| spa d | ||
| 080 | _a33(022) | ||
| 100 | 1 |
_aColbourne, Maurice. _939554 |
|
| 245 | 1 | 3 |
_aLa economía nueva _b: (nacionalismo económico) / _cMaurice Colbourne ; traducción de la tercera edición inglesa por Carmela García de López. |
| 260 |
_aBarcelona : _bLabor, _c[1936] |
||
| 300 |
_a314 p. ; _c17 cm. |
||
| 490 | 1 |
_aColección Labor ; _v378, 379 |
|
| 700 | 1 |
_aGarcía de López, Carmela. _954466 |
|
| 830 | 0 | 0 |
_aColección Labor _v378, 379 _9184254 |
| 852 |
_aES-MaACL _jE-2851 |
||
| 999 |
_c124533 _d124533 |
||